Anthraquinone Pulping A Tappi press Anthology of published Papers, 1977-1996

Gespeichert in:
Bibliographische Detailangaben
Weitere Verfasser: Goyal, Gopal C. (Herausgegeben von)
Format: Buch
Sprache:Englisch
Veröffentlicht: Atlanta Tappi Press 1997
Schlagworte:
Online-Zugang:Im OPAC anzeigen
Tags: Tag hinzufügen
Keine Tags, Fügen Sie das erste Tag hinzu!

MARC

LEADER 00000nam a2200000 a 4500
005 20260127134256.0
008 090609 1997 xxu 000 0 eng d
020 |a 0898523400 
035 |a vtls009523815 
039 9 |y 200906091341  |z mschk03 
040 |a STUSCHK1  |b slo  |c STUSCHK1  |e AACR2 
245 1 |a Anthraquinone Pulping  |b A Tappi press Anthology of published Papers, 1977-1996  |c edited by Gopal C. Goyal 
260 |a Atlanta  |b Tappi Press  |c 1997 
300 |a xii, 588 p.  |b ill.  |c 27 cm 
650 0 |a Anthraquinone Pulping 
700 1 |a Goyal, Gopal C.  |4 edt 
910 |a SCHK95 
919 |a 0-89852-340-0 
999 |c 8516  |d 8516